[Event "AUTO-OPEN-1589"]
[Site "http://www.queenalice.com/game.php?id=646635"]
[Date "2009.9.3"]
[Round "2"]
[White "ivantratz"]
[Black "NickThorp"]
[Result "0-1"]
[WhiteElo "1905"]
[BlackElo "2077"]

1. e4 e5 2. Nf3 Nc6 3. a3 Nf6 4. Nc3 Bc5 5. h3 O-O 6. Bc4 d6 7. d3 Nd4 8. O-O a6
9. Nxd4 exd4 10. Na4 b5 11. Nxc5 bxc4 12. Na4 Bd7 13. b3 c3 14. Qf3 Re8 15. Qg3
Rb8 16. Bg5 Bxa4 17. bxa4 Rb2 18. Rfc1 Kh8 19. f4 h6 20. Bh4 Qe7 21. Qf2 c5 22.
g4 Qe6 23. Qg3 c4 24. g5 hxg5 25. Bxg5 cxd3 26. cxd3 d5 27. e5 Nd7 28. Kh1 Qf5
29. Rg1 Nf8 30. Rg2 Rxg2 31. Qxg2 Qxd3 32. Ra2 Qe4 33. Re2 Qxg2+ 34. Kxg2 d3 0-1

[Event "Challenge"]
[Site "http://www.queenalice.com/game.php?id=653731"]
[Date "2009.9.17"]
[Round "-"]
[White "ivantratz"]
[Black "thedead"]
[Result "1-0"]
[WhiteElo "1894"]
[BlackElo "1517"]

1. e4 e5 2. Nf3 Nc6 3. a3 d6 4. Bb5 Bd7 5. Nc3 Nf6 6. d3 h6 7. h3 Be7 8. O-O a6
9. Ba4 O-O 10. Be3 Qe8 11. Re1 Nd8 12. Bxd7 Qxd7 13. d4 exd4 14. Nxd4 Ne6 15.
Nd5 Rfe8 16. Nxf6+ Bxf6 17. Qg4 Rad8 18. Nxe6 Qxe6 19. Qg3 b6 20. Bxh6 Bxb2 21.
Rab1 Bf6 22. f4 g6 23. f5 Qe5 24. Bf4 Qc5+ 25. Kh1 Kg7 26. Re2 d5 27. e5 Kh7 28.
Rbe1 Bg7 29. Qh4+ Kg8 30. f6 Bf8 31. Bh6 1-0

[Event "QA-ANNIV-05"]
[Site "http://www.queenalice.com/game.php?id=654397"]
[Date "2009.9.18"]
[Round "2"]
[White "trolldetroy"]
[Black "ivantratz"]
[Result "1-0"]
[WhiteElo "1975"]
[BlackElo "1896"]

1. e4 c6 2. d4 d5 3. e5 Bf5 4. Nf3 e6 5. Be2 c5 6. Bb5+ Nd7 7. O-O a6 8. Bxd7+
Qxd7 9. b3 Rc8 10. c3 c4 11. b4 b5 12. a4 Ne7 13. axb5 axb5 14. Bg5 Ng6 15. Nbd2
h6 16. Be3 Be7 17. Ra5 O-O 18. Qc1 Qc6 19. Qb2 Ra8 20. Rfa1 Rxa5 21. Rxa5 Ra8
22. Qa3 Rxa5 23. Qxa5 Qd7 24. h3 Bd8 25. Qa8 Ne7 26. g4 Bd3 27. Kg2 g5 28. Qa6
Ng6 29. Qd6 Qxd6 30. exd6 Kf8 31. Ne5 f6 32. Nxg6+ Kf7 33. Ne7 Bxe7 34. dxe7
Kxe7 35. Kg3 f5 36. f4 Kf6 37. fxg5+ hxg5 38. gxf5 Bxf5 39. Nf3 g4 40. hxg4 Be4
41. Ne5 1-0

[Event "AUTO-OPEN-1757"]
[Site "http://www.queenalice.com/game.php?id=680752"]
[Date "2009.11.10"]
[Round "1"]
[White "lucianochips"]
[Black "ivantratz"]
[Result "0-1"]
[WhiteElo "997"]
[BlackElo "1866"]

1. e3 e5 2. Qf3 Nf6 3. Bb5 a6 4. Bc4 c6 5. Qf5 e4 6. Qe5+ Be7 7. d3 b5 8. Bb3 d5
9. Qg3 O-O 10. dxe4 Nxe4 11. Qf4 Bd6 12. Qf3 Nd7 13. Nh3 Ndc5 14. c4 Nd3+ 15.
Ke2 bxc4 16. Ba4 Qb6 17. Ng5 Nxg5 18. Qh5 h6 19. g4 Re8 20. Bd2 Nf4+ 21. Kd1
Nxh5 22. f4 Bxg4+ 23. Kc2 Rab8 24. Nc3 Qxb2# 0-1

[Event "AUTO-OPEN-1757"]
[Site "http://www.queenalice.com/game.php?id=680753"]
[Date "2009.11.10"]
[Round "1"]
[White "ivantratz"]
[Black "lucianochips"]
[Result "1-0"]
[WhiteElo "1864"]
[BlackElo "999"]

1. e4 e6 2. d4 d6 3. Nf3 Nc6 4. Bb5 Bd7 5. O-O a6 6. Ba4 b5 7. Bb3 Be7 8. Re1
Nf6 9. d5 exd5 10. exd5 Nb8 11. Bg5 h6 12. Bxf6 Kf8 13. Bxe7+ Qxe7 14. Rxe7 Kxe7
15. Qe2+ Kf8 16. Nc3 c5 17. dxc6 Nxc6 18. Nd5 Re8 19. Qd2 Bf5 20. Qf4 g5 21.
Qxf5 a5 22. Nc7 Re2 23. Qxf7# 1-0

[Event "AUTO-OPEN-1757"]
[Site "http://www.queenalice.com/game.php?id=680772"]
[Date "2009.11.10"]
[Round "1"]
[White "falekhine"]
[Black "ivantratz"]
[Result "1-0"]
[WhiteElo "2012"]
[BlackElo "1894"]

1. d4 c6 2. c4 d5 3. a4 Bf5 4. Nc3 e6 5. Nf3 h6 6. h3 Bb4 7. Bd2 Nf6 8. e3 O-O
9. Be2 Nbd7 10. O-O b6 11. Rc1 c5 12. Na2 Bxd2 13. Qxd2 Rc8 14. b3 Qe7 15. Rfe1
Ne4 16. Qd1 Qf6 17. Nc3 Qg6 18. Nh4 Qg5 19. Nxf5 Qxf5 20. f3 Ng3 21. Bd3 Qf6 22.
cxd5 cxd4 23. Ne4 Nxe4 24. fxe4 Nc5 25. Bb1 dxe3 26. Rxe3 Rfd8 27. d6 e5 28. b4
Nd7 29. Rc7 Nf8 30. Rxc8 Rxc8 31. Ba2 Qg5 32. Re1 Nd7 33. Qd5 Rf8 34. Rf1 Nf6
35. Qb7 Qd2 36. Bd5 Nxd5 37. exd5 Qxd5 38. Qxd5 Re8 39. Qxf7+ 1-0

[Event "AUTO-OPEN-1757"]
[Site "http://www.queenalice.com/game.php?id=680773"]
[Date "2009.11.10"]
[Round "1"]
[White "ivantratz"]
[Black "falekhine"]
[Result "0-1"]
[WhiteElo "1906"]
[BlackElo "2017"]

1. e4 c6 2. d4 d5 3. e5 Bf5 4. h4 h5 5. Be2 e6 6. Bxh5 g6 7. Bg5 Qb6 8. Be2 Qxb2
9. Nd2 Qxd4 10. Ngf3 Qa4 11. Bd3 Bg4 12. O-O Bh6 13. Qb1 b6 14. Re1 Bxf3 15.
Bxh6 Bxg2 16. Kxg2 Qg4+ 17. Kf1 Rxh6 18. Be2 Qh3+ 19. Kg1 Rxh4 20. Bf3 Nh6 21.
Bg2 Rg4 22. Kf1 Rxg2 23. Ke2 Qg4+ 24. Nf3 Qe4+ 25. Kf1 Qxf3 26. Re2 Ng4 27. Qb2
Rxf2+ 28. Rxf2 Qxf2# 0-1

[Event "AUTO-OPEN-1757"]
[Site "http://www.queenalice.com/game.php?id=680784"]
[Date "2009.11.10"]
[Round "1"]
[White "ivantratz"]
[Black "adilson_camargo"]
[Result "0-1"]
[WhiteElo "1864"]
[BlackElo "1878"]

1. e4 e5 2. Nf3 d6 3. h3 Nf6 4. Nc3 a6 5. Bc4 h6 6. d3 Bd7 7. O-O Nc6 8. a3 Be7
9. Be3 O-O 10. Nh4 Nxe4 11. Ng6 Nxc3 12. bxc3 Re8 13. d4 exd4 14. cxd4 Bf6 15.
c3 Bf5 16. Nf4 Bg5 17. Re1 Ne7 18. Rb1 Bxb1 19. Qxb1 b5 20. Ba2 Bxf4 21. Bxf4 c5
22. h4 Qd7 23. f3 Nf5 24. g3 Rxe1+ 25. Qxe1 c4 26. a4 d5 27. g4 Ne7 28. axb5
axb5 29. Qe2 Ng6 30. Bg3 Qe7 31. Qf2 Ra3 32. h5 Rxc3 33. hxg6 fxg6 34. Be5 Qa3
35. Bf4 Rxf3 36. Qd2 g5 37. Be5 Rd3 38. Qc2 b4 39. Bxc4 dxc4 40. Qxc4+ Kh7 41.
Qf7 Qc1+ 42. Kg2 Qc2+ 43. Qf2 Rd2 0-1

[Event "AUTO-OPEN-1757"]
[Site "http://www.queenalice.com/game.php?id=680785"]
[Date "2009.11.10"]
[Round "1"]
[White "adilson_camargo"]
[Black "ivantratz"]
[Result "1-0"]
[WhiteElo "1845"]
[BlackElo "1881"]

1. d4 c6 2. c4 d5 3. a4 h6 4. e3 Nf6 5. Bd3 c5 6. cxd5 Qxd5 7. Nf3 cxd4 8. Nxd4
e5 9. Nb5 Na6 10. O-O Bb4 11. N1c3 O-O 12. Nxd5 1-0

[Event "AUTO-ADV-1536"]
[Site "http://www.queenalice.com/game.php?id=680883"]
[Date "2009.11.10"]
[Round "1"]
[White "Tasjunior"]
[Black "ivantratz"]
[Result "1-0"]
[WhiteElo "1758"]
[BlackElo "1894"]

1. d4 c6 2. Nf3 d5 3. e3 Bf5 4. Bd3 Nh6 5. O-O e6 6. Nc3 Bd6 7. e4 dxe4 8. Bxe4
Bxe4 9. Nxe4 Nf5 10. c4 Be7 11. Ne5 Nxd4 12. Be3 c5 13. b4 Bf6 14. Nxf7 Kxf7 15.
Qh5+ g6 16. Qxc5 Ne2+ 17. Kh1 Bxa1 18. Rxa1 Nd7 19. Qb5 b6 20. c5 bxc5 21. Qxe2
cxb4 22. Ng5+ Ke7 23. Rd1 Qa5 24. Qc4 Nf8 25. Bc5+ Kf6 26. Bd4+ e5 27. Qf7+ Kxg5
28. f4+ Kh5 29. Bxe5 b3 30. axb3 Rd8 31. Rg1 Rd7 32. g4+ Kh4 33. Qf6+ Kh3 34.
Rg3# 1-0

[Event "AUTO-ADV-1536"]
[Site "http://www.queenalice.com/game.php?id=680884"]
[Date "2009.11.10"]
[Round "1"]
[White "ivantratz"]
[Black "Tasjunior"]
[Result "1-0"]
[WhiteElo "1883"]
[BlackElo "1769"]

1. e4 e5 2. Nf3 Nc6 3. a3 Nf6 4. Nc3 Bc5 5. Bc4 d6 6. d3 Bg4 7. h3 Bh5 8. Bg5 h6
9. Bh4 O-O 10. Nd5 Na5 11. Nxf6+ gxf6 12. Ba2 Kh8 13. Qd2 Bxf3 14. gxf3 Kh7 15.
Qxa5 Qd7 16. Bxf6 Rg8 17. Qd2 Rg6 18. Bh4 Rag8 19. O-O-O Qc6 20. Bxf7 R8g7 21.
Bxg6+ Rxg6 22. Rhg1 Rxg1 23. Rxg1 d5 24. Bg5 Qg6 25. h4 hxg5 26. Qxg5 Qxg5+ 27.
Rxg5 Bxf2 28. Rxe5 dxe4 29. Re7+ Kh6 30. fxe4 Bxh4 31. Rxc7 Bg5+ 32. Kb1 1-0

[Event "AUTO-ADV-1536"]
[Site "http://www.queenalice.com/game.php?id=680899"]
[Date "2009.11.10"]
[Round "1"]
[White "pacou93"]
[Black "ivantratz"]
[Result "1-0"]
[WhiteElo "1796"]
[BlackElo "1901"]

1. e4 c6 2. d4 d5 3. Nc3 dxe4 4. Nxe4 Bf5 5. Ng3 Bg6 6. Nf3 h6 7. Ne5 Bh7 8. c3
Nd7 9. Be2 e6 10. O-O Bd6 11. f4 a6 12. Bd3 Bxd3 13. Qxd3 c5 14. Nc4 Bc7 15. d5
exd5 16. Qxd5 b5 17. Re1+ Ne7 18. Nd6+ Kf8 19. Qxf7# 1-0

[Event "AUTO-ADV-1536"]
[Site "http://www.queenalice.com/game.php?id=680900"]
[Date "2009.11.10"]
[Round "1"]
[White "ivantratz"]
[Black "pacou93"]
[Result "1-0"]
[WhiteElo "1868"]
[BlackElo "1822"]

1. e4 e5 2. Nf3 Nf6 3. Nxe5 d6 4. Nf3 Nxe4 5. Qe2 Qe7 6. d3 Nf6 7. Bg5 Qxe2+ 8.
Bxe2 Be7 9. O-O O-O 10. Re1 Re8 11. Nc3 c6 12. h3 d5 13. d4 Ne4 14. Nxe4 dxe4
15. Bxe7 Rxe7 16. Bc4 h6 17. Ne5 Kf8 18. Rxe4 Be6 19. Bxe6 Rxe6 20. Rae1 Kg8 21.
c3 f6 22. Nd3 Rxe4 23. Rxe4 Nd7 24. Re7 Rd8 25. Nf4 Nf8 26. Rxb7 1-0

[Event "AUTO-OPEN-1589"]
[Site "http://www.queenalice.com/game.php?id=692180"]
[Date "2009.12.3"]
[Round "3"]
[White "jagvg"]
[Black "ivantratz"]
[Result "1-0"]
[WhiteElo "2320"]
[BlackElo "1872"]

1. e4 c6 2. d4 d5 3. Nc3 dxe4 4. Nxe4 Bf5 5. Ng3 Bg6 6. h4 h6 7. Nf3 e6 8. h5
Bh7 9. Bd3 Bxd3 10. Qxd3 Bd6 11. Qb3 b6 12. Ne4 Be7 13. Bf4 Nf6 14. Nxf6+ Bxf6
15. O-O-O O-O 16. Kb1 Qe7 17. Rhe1 Rd8 18. c4 c5 19. d5 Nd7 20. dxe6 fxe6 21.
Bc7 Rdc8 22. Bd6 Qf7 23. g4 Re8 24. Qe3 e5 25. Qe4 Qe6 26. Rd5 Rac8 27. Rd3 Rc6
28. Qxc6 1-0

[Event "AUTO-OPEN-1589"]
[Site "http://www.queenalice.com/game.php?id=692181"]
[Date "2009.12.3"]
[Round "3"]
[White "ivantratz"]
[Black "jagvg"]
[Result "0-1"]
[WhiteElo "1874"]
[BlackElo "2331"]

1. e4 c5 2. Nf3 e6 3. Nc3 Nc6 4. Bc4 Nf6 5. d3 d5 6. exd5 exd5 7. Bb3 Qe7+ 8.
Qe2 Qxe2+ 9. Nxe2 Bg4 10. Neg1 Bd6 11. h3 Be6 12. Ne2 O-O 13. O-O d4 14. Bxe6
fxe6 15. Bg5 Nd5 16. Rfe1 Ndb4 17. Rec1 h6 18. Bd2 Nd5 19. a3 Rae8 20. Re1 b5
21. a4 b4 22. b3 Nce7 23. g3 Rxf3 0-1

[Event "AUTO-OPEN-1589"]
[Site "http://www.queenalice.com/game.php?id=692184"]
[Date "2009.12.3"]
[Round "3"]
[White "ivantratz"]
[Black "NickThorp"]
[Result "0-1"]
[WhiteElo "1870"]
[BlackElo "2132"]

1. e4 e5 2. Nf3 Nc6 3. Bb5 a6 4. Ba4 b5 5. Bb3 Nf6 6. d3 Be7 7. Ng5 O-O 8. a3
Nd4 9. Ba2 h6 10. Nf3 Bc5 11. Nxe5 d6 12. Nf3 Bg4 13. Nbd2 d5 14. exd5 Re8+ 15.
Ne4 Nxe4 16. dxe4 Qf6 17. Qd3 Nxf3+ 18. gxf3 Bxf3 19. Rg1 Bxf2+ 20. Kxf2 Bxe4+
0-1

[Event "AUTO-OPEN-1589"]
[Site "http://www.queenalice.com/game.php?id=692185"]
[Date "2009.12.3"]
[Round "3"]
[White "NickThorp"]
[Black "ivantratz"]
[Result "1-0"]
[WhiteElo "2130"]
[BlackElo "1880"]

1. e4 c6 2. d4 d5 3. Nc3 dxe4 4. Nxe4 Bf5 5. Ng3 Bg6 6. Nf3 Nd7 7. Bd3 Bxd3 8.
Qxd3 Ngf6 9. O-O e6 10. Bg5 h6 11. Bf4 c5 12. Rfe1 Nd5 13. Rxe6+ fxe6 14. Qg6+
Ke7 15. Nf5+ exf5 16. Bd6# 1-0

[Event "Challenge"]
[Site "http://www.queenalice.com/game.php?id=696648"]
[Date "2009.12.12"]
[Round "-"]
[White "lesbbica"]
[Black "ivantratz"]
[Result "1-0"]
[WhiteElo "2227"]
[BlackElo "1882"]

1. e4 c6 2. Nc3 d5 3. d4 dxe4 4. Nxe4 Bf5 5. Ng3 Bg6 6. Bc4 e6 7. Nf3 h6 8. Ne5
Bh7 9. Qh5 Qf6 10. c3 c5 11. Bb5+ Kd8 12. Nxf7+ Ke7 13. Nxh8 a6 14. Qe8+ 1-0

[Event "QA-ANNIV-05"]
[Site "http://www.queenalice.com/game.php?id=758946"]
[Date "2010.4.10"]
[Round "4"]
[White "ivantratz"]
[Black "Danado"]
[Result "1-0"]
[WhiteElo "1865"]
[BlackElo "1596"]

1. e4 e5 2. Nf3 Nc6 3. Bb5 d6 4. d4 Bd7 5. d5 Na5 6. Qd3 a6 7. Bxd7+ Qxd7 8. b4
Qb5 9. bxa5 Qxd3 10. cxd3 O-O-O 11. O-O Nf6 12. Ng5 Rd7 13. Na3 h6 14. Nf3 Re7
15. Bb2 Nd7 16. Rac1 Nc5 17. Rfd1 Na4 18. Ba1 Nc5 19. Nc4 g6 20. Nh4 Nd7 21.
Nxd6+ Kb8 22. Nc4 Bg7 23. Rc2 Bf6 24. Nf3 Rhe8 25. Bb2 Rc8 26. Ba3 Ree8 27. Rdc1
Be7 28. d6 Bxd6 29. Nxd6 cxd6 30. Bxd6+ 1-0

[Event "Challenge"]
[Site "http://www.queenalice.com/game.php?id=1500310"]
[Date "2017.10.24"]
[Round "-"]
[White "ivantratz"]
[Black "Rossini"]
[Result "0-1"]
[WhiteElo "1870"]
[BlackElo "1788"]

1. e4 g6 2. d4 Bg7 3. e5 d6 4. Nf3 dxe5 5. c3 exd4 6. Nxd4 Bxd4 7. cxd4 b6 8.
Qa4+ Nd7 9. Bb5 Nf6 10. Bc6 Rb8 0-1